Candice - Chansons de l'album Premier Pétale - Statistiques

Statistiques générales
  • Ce quiz a été pris 36 fois
  • Le résultat moyen est 7 sur 8
Statistiques - réponses
Hint Réponse % Correct
Premier Pétale 3 Fleurs Fanées
93%
Premier Pétale 5 Laissez-moi
93%
Premier Pétale 8 Sommeil
90%
Premier Pétale 1 Le rêve
87%
Premier Pétale 2 Briller
83%
Premier Pétale 7 Joli cœur (feat. Tayc)
83%
Premier Pétale 4 Fragile
80%
Premier Pétale 6 Une dernière fois (feat. Tsew The Kid)
80%
Aucun quiz correspondant
Distribution des résultats
% des personnes avec chaque résultat
Percentile par nombre de réponses
Votre historique - résultats
Vous n’avez pas pris ce quiz